| 000 | 01056cam a2200325 a 4500 | ||
|---|---|---|---|
| 001 | 13628169 | ||
| 005 | 20170105102917.0 | ||
| 008 | 040504s2004 ii 000 0 eng | ||
| 010 | _a 2004326668 | ||
| 020 | _a8174363092 | ||
| 025 | _aI-E-2004-326668; 63-91; 63-09 | ||
| 035 | _a(DLC) 2004326668 | ||
| 037 |
_bLibrary of Congress -- New Delhi Overseas Office _cRs225.00 |
||
| 040 |
_aDLC _cDLC |
||
| 042 | _alcode | ||
| 043 |
_aa-ii--- _aa-pk--- |
||
| 050 | 0 | 0 |
_aDS385.5.I4 _bK47 2004 |
| 100 | 1 |
_aKhan, Humayun, _cDr. |
|
| 245 | 1 | 0 |
_aDiplomatic divide / _cHumayun Khan, G. Parthasarathy ; series editor, David Page. |
| 260 |
_aNew Delhi : _bLotus Collection, _c2004. |
||
| 300 |
_a138 p. ; _c23 cm. |
||
| 490 | 1 | _aCross-border talks | |
| 651 | 0 |
_aPakistan _xForeign relations _zIndia. |
|
| 651 | 0 |
_aIndia _xForeign relations _zPakistan. |
|
| 700 | 1 |
_aParthasarathy, G. _q(Gopalaswami) |
|
| 830 | 0 | _aCross-border talks (Series) | |
| 906 |
_a7 _bcbc _corigode _d2 _encip _f20 _gy-gencatlg |
||
| 942 |
_2ddc _cBK |
||
| 999 |
_c15404 _d15404 |
||